|
|
|
|
| LEADER |
00000nam0a2200000 4500 |
| 001 |
153812 |
| 005 |
20231101221723.0 |
| 010 |
|
|
|a 9785383002704
|b (в пер.)
|b 800 экз. (1-й з-д 1-500)
|
| 021 |
|
|
|a RU
|b 08-108371
|9 08-6393
|
| 035 |
|
|
|a (RuTPU)RU\TPU\book\166856
|
| 090 |
|
|
|a 153812
|
| 100 |
|
|
|a 20090224d2008 m y0rusy5002 ca
|
| 101 |
0 |
|
|a rus
|
| 102 |
|
|
|a RU
|
| 105 |
|
|
|a a j 001zy
|
| 200 |
1 |
|
|a Солнечная энергетика
|e учебное пособие для вузов
|f В. И. Виссарионов, Г. В. Дерюгина, В. А. Кузнецова, Н. К. Малинин
|g под ред. В. И. Виссарионова
|
| 210 |
|
|
|a Москва
|c Изд. дом МЭИ
|d 2008
|
| 215 |
|
|
|a 276 с.
|c ил.
|d 21 см.
|
| 320 |
|
|
|a Библиогр.: с. 225-227.
|
| 330 |
|
|
|a Впервые в России систематизированы: основные понятия и определения солнечной энергетики; особенности информационного обеспечения гелиоэиергетических расчетов при работе солнечных энергетических установок; методы расчета прихода солнечного излучения на произвольно ориентированную приемную площадку в космосе и на Земле; основные технические схемы и энергетические характеристики современных типов солнечных энергетических установок, включая и наиболее перспективные солнечные коллекторы и солнечные фотоэнергетические установки (СФЭУ); экологические и социально-экологические характеристики солнечной энергетики; особенности расчетов ресурсов солнечной энергетики. Дается оценка всем категориям ресурсов солнечной энергетики в мире и в России. Представлена техническая база для развития солнечной энергетики в России. Для студентов, обучающихся по направлению «Электроэнергетика» и другим направлениям, связанным с решением проблем энергоресурсосбережения и охраны окружающей среды; будет полезно для организаций и ведомств, связанных с проектированием, строительством и эксплуатацией солнечных энергетических установок в России.
|
| 606 |
0 |
|
|a Солнечная энергия
|x Учебники и пособия
|2 RuMRKP
|
| 606 |
0 |
|
|a Гелиоустановки
|x Учебники и пособия
|2 RuMRKP
|
| 606 |
1 |
|
|a Солнечная энергия
|x Использование
|2 stltpush
|3 (RuTPU)RU\TPU\subj\55505
|9 73527
|
| 610 |
1 |
|
|a солнечное излучение
|
| 610 |
1 |
|
|a Земля
|
| 610 |
1 |
|
|a космос
|
| 610 |
1 |
|
|a Солнце
|
| 610 |
1 |
|
|a гелиоэнергетика
|
| 610 |
1 |
|
|a электроэнергетика
|
| 610 |
1 |
|
|a информационное обеспечение
|
| 610 |
1 |
|
|a гелиоэнергетические ресурсы
|
| 610 |
1 |
|
|a солнечные энергетические установки
|
| 610 |
1 |
|
|a экология
|
| 610 |
1 |
|
|a солнечные фотоэлектрические установки
|
| 610 |
1 |
|
|a социально-экологическая характеристика
|
| 610 |
1 |
|
|a социально-экономическая характеристика
|
| 610 |
1 |
|
|a учебные пособия
|
| 675 |
|
|
|a 621.472(075.8)
|v 3
|z rus
|
| 701 |
|
1 |
|a Виссарионов
|b В. И.
|g Владимир Иванович
|4 070
|
| 701 |
|
1 |
|a Дерюгина
|b Г. В.
|g Галина Владимировна
|4 070
|
| 701 |
|
1 |
|a Кузнецова
|b В. А.
|g Валентина Андреевна
|4 070
|
| 701 |
|
1 |
|a Малинин
|b Н. К.
|g Николай Константинович
|4 070
|
| 702 |
|
1 |
|a Виссарионов
|b В. И.
|g Владимир Иванович
|4 340
|
| 801 |
|
1 |
|a RU
|b 63413507
|c 20090217
|g PSBO
|
| 801 |
|
2 |
|a RU
|b 63413507
|c 20210608
|g PSBO
|
| 900 |
|
|
|a Нетрадиционные и возобновляемые источники энергии
|
| 900 |
|
|
|a Солнечная энергетика и фотоэлектростанции
|
| 942 |
|
|
|c BK
|
| 951 |
|
|
|b 140200
|
| 959 |
|
|
|a 28/20090217
|d 4
|e 297,00
|f АНЛ:2
|f ЧЗТЛ:2
|